000 00592nam a2200277Ia 4500
005 20260401122412.0
008 008 250103s9999 xx 000 0 eng d
020 _a9780521657297
037 _aTB
040 _aEDL
040 _beng
040 _cEDL
041 _2eng
041 _aeng
084 _a142.3 KAN
084 _qEDL
245 0 _aCritique of Pure Reason
260 _aCambridge
260 _bCambridge University Press
260 _c1998
300 _a785p
942 _cTB
942 _h142.3 KAN
999 _c1847040
_d1847040